000 00820nam a2200265 i 4500
001 C2-0239174
003 PPAK
005 20180727202118.0
008 020508s1999 xxka|||| ||||| | eng d
020 _a1840222123
040 _aPPAK
_beng
_cPPAK
_erda
082 0 4 _a940.542142
_223
090 0 0 _a940.542142
_bRYA
_dG
090 0 0 _a940.542142
_bRYA
_dR
100 1 _aRyan, Cornelius,
_eauthor
245 1 4 _aThe longest day :
_bJune 6, 1944
264 1 _aHertfordshire :
_bWordsworth Editions ,
_c1999
300 _a350 pages :
_billustrations ;
_c22 cm
336 _2rdacontent
_atext
337 _2rdamedia
_aunmediated
338 _2rdacarrier
_avolume
500 _aWordsworth Military Library
650 1 0 _aWorld War, 1939-1945 - Campaigns - France - Normandy ; Normandy (France) - History
942 _ddc
_cB
999 _c54476
_d54476